logo

Bir Sreshtho Munshi Abdur Rouf Library
Jhenaidah Cadet College

Indian industries, development and location : (Record no. 8609)

MARC details
000 -LEADER
fixed length control field 00771cam a22002652a 4500
001 - CONTROL NUMBER
JCCL Control Number 8609
003 - CONTROL NUMBER IDENTIFIER
JCCL marc code BD-JhCC
005 - DATE AND TIME OF LATEST TRANSACTION
control field 20180924122447.0
008 - FIXED-LENGTH DATA ELEMENTS--GENERAL INFORMATION
fixed length control field 500101s1970 xx b b 000 0 eng d
035 ## - SYSTEM CONTROL NUMBER
system control number (BD-JhCC)8609
040 ## - CATALOGING SOURCE
Original cataloging agency AKR
Transcribing agency AKR
Modifying agency OCL
-- EQO
041 ## - LANGUAGE CODE
Language code of Book eng
082 ## - DEWEY DECIMAL CLASSIFICATION NUMBER
Classification number 338.4/0954
Author mark and Year CHA 1970
090 ## - LOCALLY ASSIGNED LC-TYPE CALL NUMBER (OCLC); LOCAL CALL NUMBER (OCLC)
Classification number (OCLC) (R) ; Classification number, CALL (RLIN) (NR) HC435.2
Local cutter number (OCLC) ; Book number/undivided call number, CALL (RLIN) .C48 1970
100 1# - MAIN ENTRY--PERSONAL NAME
Personal name Chaudhuri, Manoranjan.
245 10 - TITLE STATEMENT
Title Indian industries, development and location :
Remainder of title an economic-geographic appraisal /
Statement of responsibility, etc by M. R. Chaudhuri
250 ## - EDITION STATEMENT
Edition statement 4th ed
260 ## - PUBLICATION, DISTRIBUTION, ETC. (IMPRINT)
Place of publication, distribution, etc Calcutta :
Name of publisher, distributor, etc Oxford & IBH Pub. Co,
Date of publication, distribution, etc 1970
300 ## - PHYSICAL DESCRIPTION
Pagination 230 p.
Other physical details maps.
Dimensions 23 cm
504 ## - BIBLIOGRAPHY, ETC. NOTE
Bibliography, etc Bibliography: p. [224]-226
650 #0 - SUBJECT ADDED ENTRY--TOPICAL TERM
Topical term or geographic name as entry element Industrial location
Geographic subdivision India
650 #0 - SUBJECT ADDED ENTRY--TOPICAL TERM
Topical term or geographic name as entry element Industries
Geographic subdivision India.
942 ## - ADDED ENTRY ELEMENTS (KOHA)
Source of classification or shelving scheme Dewey Decimal Classification
Koha item type Books
Holdings
Source of classification or shelving scheme Damaged status Not for loan Home library Current library Shelving location Date of accession Total Checkouts Full call number Barcode Date last seen Copy number Koha item type
Dewey Decimal Classification     JCC Rouf Library JCC Rouf Library General Stacks 02/28/2018   338.4/0954 CHA 1970 11284 02/28/2018 C - 1 Books

JCC Library | Contacts | JCC Home

Last Update on 23 September 2017
Copyright @ 2017-2020 JCC Rouf Library
Rouf Library, Jhenidah Cadet College (JCC), Bangladesh